000 00437nam a2200145 i 4500
001 50462
003 ES-MaACL
007 t|
008 030804s1918 fr ||||1| fre d
100 1 _aCviétisa, Frano.
_942311
245 1 4 _aLes Problèmes nationaux de l'Autriche-Hongrie
_b: les yougoslaves (une carte) /
_cFrano Cvietisa.
260 _aParis :
_bBossard,
_c1918.
300 _a143 p., 3 plan. ;
_c17 cm.
852 _aES-MaACL
_jG-2048
999 _c50462
_d50462